[Event "FRA-chT2 North 0607"]
[Site "France"]
[Date "2006.10.15"]
[Round "1.7"]
[White "Liger, Jeremie"]
[Black "Ababsa, Tufek"]
[Result "1-0"]
[WhiteElo "2118"]
[BlackElo "1710"]
[PlyCount "43"]
[EventDate "2006.10.15"]
[EventType "team"]
[EventRounds "11"]
[EventCountry "FRA"]
[SourceTitle "EXT 2008"]
[Source "ChessBase"]
[SourceDate "2007.11.25"]
[SourceVersion "1"]
[SourceVersionDate "2007.11.25"]
[SourceQuality "1"]
[WhiteTeam "Chalons en Champagne"]
[BlackTeam "Maromme"]
[WhiteTeamCountry "FRA"]
[BlackTeamCountry "FRA"]

1. Nf3 d6 2. d4 Nf6 3. c4 Bf5 4. Nc3 h6 5. Qb3 Qc8 6. Nd2 Nc6 7. e3 a5 8. d5 Nb4 9. e4 Bh7 10. f3 g5 11. a3 Na6 12. Qc2 Bg7 13. Be2 0-0 14. g4 e6 15. h4 exd5 16. hxg5 hxg5 17. Nxd5 Qe6 18. Nxf6+ Qxf6 19. Rxh7 Kxh7 20. e5+ Qg6 21. Bd3 f5 22. exf6 1-0

[Event "FRA-chT2D 0506"]
[Site "France"]
[Date "2006.03.12"]
[Round "9.2"]
[White "Liger, Jeremie"]
[Black "Kurmann, Oliver"]
[Result "0-1"]
[WhiteElo "2129"]
[BlackElo "2296"]
[PlyCount "68"]
[EventDate "2005.10.27"]
[EventType "team-tourn"]
[EventRounds "11"]
[EventCountry "FRA"]
[SourceTitle "EXT 2006"]
[Source "ChessBase"]
[SourceDate "2005.11.24"]
[SourceVersion "1"]
[SourceVersionDate "2005.11.24"]
[SourceQuality "1"]
[WhiteTeam "Chalon"]
[BlackTeam "Mulhouse"]
[WhiteTeamCountry "FRA"]
[BlackTeamCountry "FRA"]

1. e4 e6 2. d4 d5 3. Nd2 Nf6 4. e5 Nfd7 5. Bd3 c5 6. c3 Nc6 7. Ne2 cxd4 8. cxd4 f6 9. exf6 Nxf6 10. 0-0 Bd6 11. Nf3 Qc7 12. Ng3 0-0 13. Re1 Bd7 14. Bd2 Rae8 15. Rc1 Qb6 16. Bc3 Re7 17. Ne5 Be8 18. Rc2 Bxe5 19. dxe5 Nd7 20. Qg4 Nc5 21. Bf1 Bg6 22. Rd2 Ref7 23. b4 Na4 24. Bd4 Qxb4 25. Ree2 Rf4 26. Qxe6+ Bf7 27. Qd7 Nxd4 28. Rxd4 Qxd4 29. Nf5 Nc5 30. Ne7+ Kh8 31. Qd6 Ne4 32. Qa3 Bh5 33. Qe3 Rxf2 34. g4 Rxf1+ 0-1

[Event "FRA-chT2D 0506"]
[Site "France"]
[Date "2005.12.04"]
[Round "4.3"]
[White "Liger, Jeremie"]
[Black "Cappon, John"]
[Result "1/2-1/2"]
[WhiteElo "2132"]
[BlackElo "2197"]
[PlyCount "29"]
[EventDate "2005.10.27"]
[EventType "team-tourn"]
[EventRounds "11"]
[EventCountry "FRA"]
[SourceTitle "EXT 2006"]
[Source "ChessBase"]
[SourceDate "2005.11.24"]
[SourceVersion "1"]
[SourceVersionDate "2005.11.24"]
[SourceQuality "1"]
[WhiteTeam "Chalon"]
[BlackTeam "Lille"]
[WhiteTeamCountry "FRA"]
[BlackTeamCountry "FRA"]

1. Nf3 d5 2. d4 Nc6 3. c4 Bg4 4. cxd5 Bxf3 5. dxc6 Bxc6 6. Nc3 e6 7. Bf4 Bd6 8. Bg3 Nf6 9. e3 Qd7 10. Qb3 a6 11. Rd1 0-0 12. f3 b5 13. Bxd6 Qxd6 14. e4 Qe7 15. Be2 1/2-1/2

[Event "FRA-chT2D 0506"]
[Site "France"]
[Date "2005.11.19"]
[Round "2.7"]
[White "Liger, Jeremie"]
[Black "Mangone, Pierre"]
[Result "1/2-1/2"]
[WhiteElo "2132"]
[BlackElo "2012"]
[PlyCount "107"]
[EventDate "2005.10.27"]
[EventType "team-tourn"]
[EventRounds "11"]
[EventCountry "FRA"]
[SourceTitle "EXT 2006"]
[Source "ChessBase"]
[SourceDate "2005.11.24"]
[SourceVersion "1"]
[SourceVersionDate "2005.11.24"]
[SourceQuality "1"]
[WhiteTeam "Chalon"]
[BlackTeam "Gueugnon"]
[WhiteTeamCountry "FRA"]
[BlackTeamCountry "FRA"]

1. d4 d5 2. Nf3 Nf6 3. c4 c6 4. e3 Bg4 5. Qb3 Qb6 6. Qxb6 axb6 7. Ne5 e6 8. Nxg4 Nxg4 9. Bd2 Na6 10. f3 Nf6 11. Nc3 Nc7 12. g4 h6 13. h4 Bb4 14. Bd3 dxc4 15. Bxc4 Nfd5 16. e4 Nf6 17. Ke2 0-0-0 18. Be3 Nd7 19. a3 Be7 20. b4 Bf6 21. Rac1 Nb8 22. Rcd1 Nd7 23. g5 hxg5 24. hxg5 Be7 25. g6 fxg6 26. Bf4 Rxh1 27. Rxh1 Nf8 28. Ke3 g5 29. Bg3 b5 30. Bb3 Bf6 31. Ne2 Be7 32. Rh8 Kd7 33. Rg8 Ne8 34. Nc3 Nf6 35. Rh8 Ng6 36. Rxd8+ Bxd8 37. d5 exd5 38. exd5 Bc7 39. dxc6+ bxc6 40. Be1 Bf4+ 41. Ke2 Ne7 42. a4 bxa4 43. Nxa4 Ned5 44. Bc4 Kd6 45. Bf2 Nd7 46. b5 cxb5 47. Bxb5 Be5 48. Bxd7 Kxd7 49. Nc5+ Ke7 50. Ne4 Nc3+ 51. Nxc3 Bxc3 52. Be3 Kf6 53. Kf2 Kf5 54. Kg2 1/2-1/2

[Event "FRA-chT2 0405"]
[Site "France"]
[Date "2004.10.10"]
[Round "1.5"]
[White "Liger, Jeremie"]
[Black "Polard, Gaetan"]
[Result "1-0"]
[WhiteElo "2110"]
[BlackElo "2168"]
[PlyCount "69"]
[EventDate "2004.10.10"]
[EventType "team"]
[EventRounds "11"]
[EventCountry "FRA"]
[SourceTitle "EXT 2006"]
[Source "ChessBase"]
[SourceDate "2005.11.24"]
[SourceVersion "1"]
[SourceVersionDate "2005.11.24"]
[SourceQuality "1"]

1. d4 Nf6 2. c4 d6 3. Nf3 Nbd7 4. Nc3 e5 5. g3 g6 6. Bg2 Bg7 7. 0-0 0-0 8. Bg5 h6 9. Be3 Ng4 10. Bc1 c6 11. e4 a6 12. h3 Ngf6 13. d5 c5 14. Ne1 Ne8 15. Nd3 f5 16. f4 Qe7 17. fxe5 Nxe5 18. Nxe5 dxe5 19. Be3 Qd6 20. Na4 b6 21. b4 fxe4 22. bxc5 Rxf1+ 23. Qxf1 bxc5 24. Rb1 Rb8 25. Nxc5 Nf6 26. Rxb8 Qxb8 27. Nxe4 Nh5 28. Kh2 Qb2 29. Qf2 Qa3 30. c5 Bf8 31. d6 Qa4 32. Nf6+ Nxf6 33. Qxf6 Qc2 34. c6 Bf5 35. d7 1-0